000 01438nam0a22003011 4500
001 v19\rc\1655503
005 20260405203938.0
035 _a(NLR Aleph) 005241701
090 _a5711290
_c5711290
100 _a20061002d1889 |||y0rusy50 ca
101 1 _arus
_cger
102 _aRU
105 _aa z |||||
200 1 _aО растворах
_e(W. Ostwald: "Ueber losungen". - Humboldt naturwissenschaftliche monatsschriht)
_f[Соч.] В. Оствальда, проф. Лейпциг. ун-та
_gПер. с нем. с прим. [и предисл.] Н.С. Дрентельна
_gПед. музей воен.-учеб. заведений
210 _aСанкт-Петербург
_cтип. Шредера
_d1889
215 _a24 с.
_cил.
_d20
454 0 _12001#$aUeber lösungen$eHumboldt naturwissenschaftliche monatsschriht
_1700#1$aOstwald$bW.
_tUeber lösungen
_aOstwald, W.
532 1 3 _aО растворах
700 1 _8rus
_7ca
_aОствальд
_bВ. Ф.
_f1853-1932
_gВильгельм Фридрих
_3RU\NLR\AUTH\7791255
_974182
702 1 _4730
_4212
_4080
_8rus
_7ca
_aДрентельн
_bН. С.
_f1855-1919
_gНиколай Сергеевич
_3RU\NLR\AUTH\7754641
_937573
801 0 _aRU
_bNLR
_c20061002
_gpsbo
801 0 _aRU
_bRuMoRGB
_c20061002
_2psbo
801 1 _aRU
_bProSoft-M
_c20061002
_2rusmarc
801 2 _aRU
_bNLR
_c20110328
_2rusmarc
852 _aNLR
_j18.276.5.289
942 _cBOOK
980 _aNB